00580cam a22002171 4500001001300000003000400013005001700017008004100034010001700075035002000092040003700112042001200149050001700161100001700178245004200195260004200237300002600279650001200305650003000317999001500347af 48003504 DLC20260227110902.0930803s1946 xx a 000 0 dut c aaf 48003504  a(OCoLC)28561735 aCalifornia. Univ. Libr.cCUdDLC apremarc00aGR730.W6bH31 aHaezaert, A.13aDe Brugsche legende over de Wulfhage. aSt Andries,bA.E. Schoonbaertc[1946] a54 p.billus.c16 cm. 0aWolves. 0aLegendszBelgiumzBruges. c5623d5623